Statistiche per Riconosci la Squadra di calcio - Quiz n°37

Clicka qui per fare il quiz!

Statistiche generali

  • Questo quiz è stato fatto 6 volte
  • Il punteggio medio è 6 su 9

Statistiche sulle risposte

IndizioRisposta% Corretto
Colori socialiGiallo e blu
100%
Titoli nazionali15 Campionati bielorussi
80%
Divisione nazionale 2023-2024Prima
80%
ConfederazioneUEFA
80%
Capienza Stadio13 126 posti
60%
Fondazione1973
60%
Trofei nazionali5 Coppe di Bielorussia
8 Supercoppe di Bielorussia
60%
Trofei internazionali0
40%
SquadraBATĖ Borisov
40%

Distribuzione punteggi

Percentile per numero di risposta

Percentuale di utenti per punteggio

I tuoi punteggi nel tempo

Non hai fatto questo quiz